[Event "EIBCC 2019"]
[Site "Tallinn"]
[Date "2019.12.07"]
[Round "10.4"]
[White "Galopoulos, Nikolaos"]
[Black "Mamedov, Rauf"]
[Result "1-0"]
[WhiteElo "2429"]
[BlackElo "2670"]
[Annotator "ChessBase"]
[PlyCount "97"]
[EventDate "2019.12.06"]
[EventType "swiss"]
[EventCountry "EST"]
[SourceTitle "playchess.com"]
[Source "ChessBase"]
[SourceQuality "1"]

1. d4 d5 2. c4 e6 3. Nc3 c5 4. cxd5 exd5 5. Nf3 Nc6 6. Bg5 f6 7. Bf4 c4 8. e4 dxe4 9. Nxe4 Be6 10. Rc1 b5 11. a4 a6 12. axb5 axb5 13. b3 Ba3 14. bxc4 Bxc1 15. Qxc1 bxc4 16. Nd6+ Kf8 17. Bxc4 Bxc4 18. Qxc4 Qa5+ 19. Nd2 Qa1+ 20. Ke2 Qa6 21. d5 Nce7 22. Nb5 Rc8 23. Qd3 Rc5 24. Nc7 Qxd3+ 25. Kxd3 Kf7 26. d6 Ng6 27. Bg3 Nh6 28. Ne4 Ra5 29. Rb1 Rd8 30. Rb7 Rd7 31. Kc4 Ra4+ 32. Kd5 Nf5 33. Kc6 Nf8 34. Nc5 Rc4 35. Kb5 Rc1 36. Nxd7 Nxd7 37. Nd5 Rb1+ 38. Kc6 Nd4+ 39. Kc7 Ne6+ 40. Kc8 Rxb7 41. Kxb7 Nec5+ 42. Kc7 Ke6 43. Nf4+ Kf7 44. Kc6 Ke8 45. f3 Nb3 46. Ne6 Na5+ 47. Kc7 g5 48. Ng7+ Kf7 49. Kxd7 1-0

[Event "EIBCC 2019"]
[Site "Tallinn"]
[Date "2019.12.07"]
[Round "10.5"]
[White "Kozak, Adam"]
[Black "Lysyj, Igor"]
[Result "0-1"]
[WhiteElo "2385"]
[BlackElo "2600"]
[Annotator "ChessBase"]
[PlyCount "88"]
[EventDate "2019.12.06"]
[EventType "swiss"]
[EventCountry "EST"]
[SourceTitle "playchess.com"]
[Source "ChessBase"]
[SourceQuality "1"]

1. Nf3 Nf6 2. g3 d5 3. Bg2 e6 4. O-O Be7 5. c4 O-O 6. d4 Nbd7 7. Qc2 c6 8. b3 b6 9. Rd1 Bb7 10. Nc3 Ba6 11. e4 dxc4 12. Be3 cxb3 13. axb3 Bb7 14. h3 a6 15. Kh2 Rc8 16. Rd2 h6 17. Ne5 Bb4 18. f4 Qe7 19. Rad1 c5 20. Nxd7 Nxd7 21. d5 Bxc3 22. d6 Qf6 23. e5 Qg6 24. Qxc3 Bxg2 25. Rxg2 f6 26. Re1 fxe5 27. fxe5 Rf3 28. Qd2 Nxe5 29. Bf4 Nd3 30. Re3 Rxe3 31. Qxe3 Rd8 32. Rd2 Nxf4 33. Qxf4 Qf5 34. Qa4 Qe5 35. Qc6 Qe3 36. Rg2 Qd4 37. Qxb6 Qxd6 38. Qa5 Rb8 39. Qa4 Rf8 40. Re2 Qd3 41. Qg4 Qf5 42. Qc4 Qd5 43. Qxa6 Qxb3 44. Qxe6+ Qxe6 0-1

[Event "EIBCC 2019"]
[Site "Tallinn"]
[Date "2019.12.07"]
[Round "10.6"]
[White "Mustaps, Matiss"]
[Black "Esipenko, Andrey"]
[Result "0-1"]
[WhiteElo "2361"]
[BlackElo "2582"]
[Annotator "ChessBase"]
[PlyCount "94"]
[EventDate "2019.12.06"]
[EventType "swiss"]
[EventCountry "EST"]
[SourceTitle "playchess.com"]
[Source "ChessBase"]
[SourceQuality "1"]

1. e4 e5 2. Nf3 Nc6 3. Bb5 a6 4. Ba4 Nf6 5. d3 b5 6. Bb3 Bc5 7. c3 d6 8. Nbd2 h6 9. h3 Bb6 10. Nf1 Ne7 11. Be3 Rb8 12. Bxb6 Rxb6 13. Ne3 Ng6 14. g3 c5 15. Nd5 Nxd5 16. Bxd5 Ne7 17. Bb3 O-O 18. d4 Qc7 19. Rc1 Kh8 20. dxe5 dxe5 21. Bc2 Be6 22. Qe2 a5 23. Kf1 Bxa2 24. Kg2 Be6 25. Qe3 a4 26. h4 Ng8 27. h5 Nf6 28. Nh4 Ra8 29. f4 a3 30. fxe5 Ng4 31. Qf4 axb2 32. Rcf1 Qxe5 33. Qxe5 Nxe5 34. Bb1 b4 35. cxb4 Rxb4 36. Nf5 c4 37. Nd4 Bd7 38. Ne2 Ra3 39. Rd1 Nd3 40. Nf4 Bc6 41. Nxd3 cxd3 42. Rhe1 Bxe4+ 43. Kf2 f5 44. Rd2 Rc3 45. Ke3 Rc1 46. Rdd1 d2 47. Rf1 Bxb1 0-1

[Event "EIBCC 2019"]
[Site "Tallinn"]
[Date "2019.12.07"]
[Round "10.7"]
[White "Sanal, Vahap"]
[Black "Pershin, Denis"]
[Result "1-0"]
[WhiteElo "2563"]
[BlackElo "2359"]
[Annotator "ChessBase"]
[PlyCount "59"]
[EventDate "2019.12.06"]
[EventType "swiss"]
[EventCountry "EST"]
[SourceTitle "playchess.com"]
[Source "ChessBase"]
[SourceQuality "1"]

1. e4 c6 2. d4 d5 3. exd5 cxd5 4. c4 Nf6 5. Nc3 Nc6 6. Bg5 Be6 7. a3 Qd7 8. Bxf6 exf6 9. g3 O-O-O 10. c5 Bxc5 11. dxc5 d4 12. Ne4 Bd5 13. Nd6+ Kb8 14. Nf3 Ne5 15. Nxe5 fxe5 16. Rg1 b6 17. Bc4 Bxc4 18. Nxc4 bxc5 19. Qb3+ Ka8 20. Qf3+ Kb8 21. b4 Qe6 22. bxc5 e4 23. Qb3+ Ka8 24. Qa4 e3 25. fxe3 dxe3 26. Rb1 Rd4 27. Rb4 Qf6 28. Nb6+ Kb7 29. Nd5+ Rxb4 30. Qxb4+ 1-0

[Event "EIBCC 2019"]
[Site "Tallinn"]
[Date "2019.12.07"]
[Round "10.9"]
[White "Potapov, Pavel"]
[Black "Andriasian, Zaven"]
[Result "0-1"]
[WhiteElo "2464"]
[BlackElo "2766"]
[Annotator "TA"]
[PlyCount "92"]
[EventDate "2019.12.06"]
[EventType "swiss"]
[EventCountry "EST"]
[SourceTitle "playchess.com"]
[Source "ChessBase"]
[SourceQuality "1"]

1. e4 g6 2. d4 Bg7 3. Nc3 d6 4. f4 a6 5. Nf3 b5 6. e5 e6 7. Bd3 Bb7 8. O-O Nd7 9. a4 b4 10. Ne4 d5 11. Nf2 c5 12. c3 a5 13. g4 h5 14. g5 Ne7 15. Be3 c4 16. Be2 b3 17. Nh4 Bc6 18. Nh1 Nb6 19. Ng3 Nxa4 20. Qd2 Qd7 21. f5 exf5 22. Bf3 Nb6 23. Ne2 Qc8 24. Nf4 Bd7 25. e6 Bxe6 26. Bf2 Ra6 27. Rfe1 Kd7 28. Bg3 Re8 29. Re2 Na8 30. Rae1 Nc7 31. Bxh5 gxh5 32. Nxh5 Bh8 33. Qf4 Qb7 34. Nf6+ Bxf6 35. gxf6 Nc8 36. Nxf5 a4 37. Ng7 Rg8 38. h4 a3 39. bxa3 Rb6 40. h5 b2 41. Rb1 Nd6 42. Rbxb2 Ne4 43. h6 Nxg3 44. Qxg3 Rxb2 45. Rxb2 Qxb2 46. h7 Qb1+ 0-1

[Event "EIBCC 2019"]
[Site "Tallinn"]
[Date "2019.12.07"]
[Round "10.10"]
[White "Sebenik, Matej"]
[Black "Riazantsev, Alexander"]
[Result "1-0"]
[WhiteElo "2457"]
[BlackElo "2635"]
[Annotator "ChessBase"]
[PlyCount "71"]
[EventDate "2019.12.06"]
[EventType "swiss"]
[EventCountry "EST"]
[SourceTitle "playchess.com"]
[Source "ChessBase"]
[SourceQuality "1"]

1. d4 d5 2. c4 e6 3. Nf3 Nf6 4. Nc3 Bb4 5. cxd5 exd5 6. Bg5 h6 7. Bh4 O-O 8. e3 Bf5 9. Qb3 Bxc3+ 10. bxc3 Nbd7 11. Be2 c5 12. dxc5 g5 13. Nd4 Nxc5 14. Qb5 Nfe4 15. Nxf5 Qf6 16. Nd4 gxh4 17. f3 Nxc3 18. Qxc5 Rac8 19. Qa3 Qe5 20. Qb2 Qxe3 21. Qd2 Qe5 22. Kf2 Rfe8 23. Rac1 Nxe2 24. Rxc8 Rxc8 25. Nxe2 Rc4 26. h3 d4 27. Rd1 b5 28. Nxd4 Qc5 29. Qe3 b4 30. Ne2 Qc6 31. Rd4 Rxd4 32. Qxd4 Qb5 33. Qxa7 Qc4 34. Qd4 Qxa2 35. Qxb4 Qe6 36. Qxh4 1-0

[Event "EIBCC 2019"]
[Site "Tallinn"]
[Date "2019.12.07"]
[Round "10.11"]
[White "Kulaots, Kaido"]
[Black "Zelbel, Patrick"]
[Result "1-0"]
[WhiteElo "2562"]
[BlackElo "2425"]
[Annotator "ChessBase"]
[PlyCount "49"]
[EventDate "2019.12.06"]
[EventType "swiss"]
[EventCountry "EST"]
[SourceTitle "playchess.com"]
[Source "ChessBase"]
[SourceQuality "1"]

1. e4 d5 2. exd5 Qxd5 3. Nc3 Qa5 4. d4 Nf6 5. Bc4 Bg4 6. f3 Bf5 7. Nge2 e6 8. Bd2 Qb6 9. Bb3 Be7 10. Be3 O-O 11. O-O Rd8 12. Qe1 c5 13. Qf2 Na6 14. Na4 Qc7 15. dxc5 Nd5 16. Bd4 e5 17. Bxd5 Rxd5 18. Be3 Nxc5 19. Nec3 Rd4 20. Bxd4 exd4 21. Nd5 Qd6 22. Nxe7+ Qxe7 23. Nxc5 Qxc5 24. c3 Rd8 25. Rad1 1-0

[Event "EIBCC 2019"]
[Site "Tallinn"]
[Date "2019.12.07"]
[Round "10.12"]
[White "Ruck, Robert"]
[Black "Loginov, Valery A"]
[Result "1-0"]
[WhiteElo "2541"]
[BlackElo "2376"]
[Annotator "ChessBase"]
[PlyCount "75"]
[EventDate "2019.12.06"]
[EventType "swiss"]
[EventCountry "EST"]
[SourceTitle "playchess.com"]
[Source "ChessBase"]
[SourceQuality "1"]

1. Nf3 Nf6 2. c4 e6 3. Nc3 Bb4 4. Qc2 d5 5. a3 Bxc3 6. Qxc3 O-O 7. e3 b6 8. b4 Bb7 9. Bb2 Nbd7 10. cxd5 exd5 11. Be2 c5 12. O-O Rc8 13. Rfe1 d4 14. exd4 Nd5 15. Qb3 cxb4 16. axb4 Rc7 17. Rxa7 Nf4 18. Bf1 Bd5 19. Qa3 Rxa7 20. Qxa7 Bxf3 21. gxf3 Qg5+ 22. Kh1 Qd5 23. Re4 Ne6 24. Qa3 Ng5 25. Re3 h5 26. Bg2 Ne6 27. f4 Qf5 28. Qd3 Qxd3 29. Rxd3 Nxf4 30. Rc3 Nxg2 31. Kxg2 Nf6 32. Rc6 Rb8 33. b5 Nd5 34. Kf3 Rd8 35. Ba3 f5 36. h4 Kf7 37. Bd6 Rd7 38. Be5 1-0

[Event "EIBCC 2019"]
[Site "Tallinn"]
[Date "2019.12.07"]
[Round "10.13"]
[White "Turov, Maxim"]
[Black "Kukk, Sander"]
[Result "1/2-1/2"]
[WhiteElo "2535"]
[BlackElo "2312"]
[Annotator "ChessBase"]
[PlyCount "78"]
[EventDate "2019.12.06"]
[EventType "swiss"]
[EventCountry "EST"]
[SourceTitle "playchess.com"]
[Source "ChessBase"]
[SourceQuality "1"]

1. d4 g6 2. Nf3 Bg7 3. g3 Nf6 4. Bg2 O-O 5. O-O d6 6. Re1 Nc6 7. e4 e5 8. c3 Re8 9. d5 Ne7 10. c4 Rf8 11. Nc3 Ne8 12. b4 f5 13. Ng5 h6 14. Ne6 Bxe6 15. dxe6 Qc8 16. exf5 gxf5 17. Nd5 Qxe6 18. Nxe7+ Qxe7 19. Bxb7 Rb8 20. Rb1 Nf6 21. Bg2 Qf7 22. Qc2 e4 23. Be3 Ng4 24. Bxa7 Ra8 25. Be3 Ra3 26. Rb3 Ra4 27. Bc1 Bd4 28. Re2 c5 29. a3 Rc8 30. Bb2 Bxb2 31. Qxb2 cxb4 32. Rxb4 Rxb4 33. Qxb4 Qxc4 34. Qxc4+ Rxc4 35. Bh3 h5 36. Bxg4 hxg4 37. Rd2 Ra4 38. Rxd6 Rxa3 39. Rd5 Rf3 1/2-1/2

[Event "EIBCC 2019"]
[Site "Tallinn"]
[Date "2019.12.07"]
[Round "10.14"]
[White "Dragnev, Valentin"]
[Black "Valner, Uku"]
[Result "1-0"]
[WhiteElo "2523"]
[BlackElo "2274"]
[Annotator "ChessBase"]
[PlyCount "59"]
[EventDate "2019.12.06"]
[EventType "swiss"]
[EventCountry "EST"]
[SourceTitle "playchess.com"]
[Source "ChessBase"]
[SourceQuality "1"]

1. d4 e6 2. c4 Nf6 3. Nf3 b6 4. g3 Bb7 5. Bg2 Be7 6. O-O O-O 7. Re1 d6 8. Nc3 c5 9. d5 exd5 10. cxd5 Re8 11. e4 Nbd7 12. Bf4 a6 13. a4 Bf8 14. Qd2 Qc7 15. Rad1 Ng4 16. Qc2 g6 17. h3 Nge5 18. Nxe5 Nxe5 19. Bg5 Bg7 20. f4 Nd7 21. e5 c4 22. exd6 Qxd6 23. Ne4 Qc7 24. d6 Qc8 25. Kh2 b5 26. Nc3 Bxg2 27. Qxg2 Bxc3 28. bxc3 Qc5 29. Re7 Red8 30. Rxd7 1-0

[Event "EIBCC 2019"]
[Site "Tallinn"]
[Date "2019.12.07"]
[Round "10.15"]
[White "Kauppila, Osmo"]
[Black "Postny, Evgeny"]
[Result "0-1"]
[WhiteElo "2327"]
[BlackElo "2661"]
[Annotator "ChessBase"]
[PlyCount "40"]
[EventDate "2019.12.06"]
[EventType "swiss"]
[EventCountry "EST"]
[SourceTitle "playchess.com"]
[Source "ChessBase"]
[SourceQuality "1"]

1. Nf3 d5 2. c4 c6 3. g3 Bg4 4. Bg2 e6 5. cxd5 Bxf3 6. Bxf3 cxd5 7. O-O Nf6 8. Nc3 Nc6 9. d4 Be7 10. e3 O-O 11. Bd2 a6 12. Na4 Nd7 13. Rc1 Rc8 14. a3 b5 15. Nc5 Nxc5 16. dxc5 Ne5 17. b4 Nc4 18. a4 Nb2 19. Qb3 Nxa4 20. e4 dxe4 0-1

[Event "EIBCC 2019"]
[Site "Tallinn"]
[Date "2019.12.07"]
[Round "10.16"]
[White "Ahvenjarvi, Jani"]
[Black "Babula, Vlastimil"]
[Result "0-1"]
[WhiteElo "2325"]
[BlackElo "2605"]
[Annotator "ChessBase"]
[PlyCount "90"]
[EventDate "2019.12.06"]
[EventType "swiss"]
[EventCountry "EST"]
[SourceTitle "playchess.com"]
[Source "ChessBase"]
[SourceQuality "1"]

1. e4 c5 2. Nf3 e6 3. Nc3 Nc6 4. d4 cxd4 5. Nxd4 Qc7 6. Be3 a6 7. Bd3 Nf6 8. O-O Ne5 9. Nf3 Nxf3+ 10. Qxf3 Bd6 11. h3 Bh2+ 12. Kh1 Be5 13. Bd2 Rg8 14. Qe3 g5 15. Na4 Bf4 16. Qe2 b5 17. Bxf4 gxf4 18. Nc3 Bb7 19. a3 Qe5 20. Qf3 Ke7 21. Rae1 Rg5 22. Rg1 Rag8 23. a4 b4 24. Nd5+ Bxd5 25. exd5 Qxd5 26. Qxd5 Rxd5 27. Bxa6 Rc5 28. Bd3 d5 29. f3 Kd6 30. Rc1 h6 31. Rge1 Nd7 32. Kg1 Ne5 33. Be2 Rgc8 34. c3 bxc3 35. bxc3 Rxc3 36. Rxc3 Rxc3 37. Ra1 d4 38. a5 d3 39. Bd1 d2 40. Ra2 Nc4 41. a6 Rc1 42. a7 Rxd1+ 43. Kf2 Nb6 44. Ke2 Rg1 45. a8=Q d1=Q+ 0-1

[Event "EIBCC 2019"]
[Site "Tallinn"]
[Date "2019.12.07"]
[Round "10.17"]
[White "Lopusiewicz, Piotr"]
[Black "Yuffa, Daniil"]
[Result "0-1"]
[WhiteElo "2301"]
[BlackElo "2582"]
[Annotator "ChessBase"]
[PlyCount "64"]
[EventDate "2019.12.06"]
[EventType "swiss"]
[EventCountry "EST"]
[SourceTitle "playchess.com"]
[Source "ChessBase"]
[SourceQuality "1"]

1. d4 Nf6 2. c4 e6 3. Nf3 c5 4. d5 exd5 5. cxd5 d6 6. Nc3 g6 7. Bf4 Bg7 8. h3 O-O 9. e3 Na6 10. Bxa6 bxa6 11. O-O Rb8 12. Qc2 Re8 13. Rfe1 Bf5 14. e4 Nxe4 15. Rxe4 Bxe4 16. Nxe4 Rxb2 17. Qd3 Rb4 18. Re1 f5 19. Bg5 fxe4 20. Bxd8 exd3 21. Rxe8+ Bf8 22. Be7 Kf7 23. Rxf8+ Kxe7 24. Ra8 c4 25. Rxa7+ Kf6 26. Rxa6 c3 27. Rxd6+ Kg7 28. Rd7+ Kf8 29. Ne5 d2 30. Rd8+ Kg7 31. Rd7+ Kf6 32. Rd6+ Kxe5 0-1

[Event "EIBCC 2019"]
[Site "Tallinn"]
[Date "2019.12.07"]
[Round "10.18"]
[White "Dragicevic, Drazen"]
[Black "Lintchevski, Daniil"]
[Result "0-1"]
[WhiteElo "2300"]
[BlackElo "2553"]
[Annotator "ChessBase"]
[PlyCount "82"]
[EventDate "2019.12.06"]
[EventType "swiss"]
[EventCountry "EST"]
[SourceTitle "playchess.com"]
[Source "ChessBase"]
[SourceQuality "1"]

1. c4 c6 2. Nf3 d5 3. g3 Bg4 4. Bg2 e6 5. cxd5 Bxf3 6. Bxf3 cxd5 7. O-O Nc6 8. d3 Nf6 9. a3 Bd6 10. Bg2 O-O 11. Nc3 Rc8 12. e4 dxe4 13. dxe4 Be5 14. Qb3 Qe7 15. h3 Nd4 16. Qa4 Qd7 17. Qxd7 Nxd7 18. Rd1 Nb3 19. Rb1 Nb6 20. Be3 Rfd8 21. Rxd8+ Rxd8 22. Nb5 Nc4 23. Bxa7 g5 24. f3 Rd2 25. Bf2 Nxb2 26. Be3 Rc2 27. Bxg5 Nd2 28. Bxd2 Rxd2 29. f4 Bf6 30. e5 Be7 31. Rc1 b6 32. Rc8+ Kg7 33. Rc7 Bc5+ 34. Kh1 Rd1+ 35. Kh2 Bg1+ 36. Kh1 Bc5+ 37. Kh2 Nd3 38. Bf3 Rd2+ 39. Kh1 Nf2+ 40. Kg2 Ne4+ 41. Kh1 Nxg3# 0-1

[Event "EIBCC 2019"]
[Site "Tallinn"]
[Date "2019.12.07"]
[Round "10.19"]
[White "Burg, Brent"]
[Black "Popov, Valerij"]
[Result "1/2-1/2"]
[WhiteElo "2284"]
[BlackElo "2547"]
[Annotator "ChessBase"]
[PlyCount "112"]
[EventDate "2019.12.06"]
[EventType "swiss"]
[EventCountry "EST"]
[SourceTitle "playchess.com"]
[Source "ChessBase"]
[SourceQuality "1"]

1. d4 d5 2. Nf3 Nf6 3. g3 c5 4. c3 Nc6 5. Bg2 Bf5 6. O-O e6 7. Bg5 h6 8. Bxf6 Qxf6 9. e3 Bd6 10. Nbd2 O-O 11. Rc1 Rfd8 12. dxc5 Bxc5 13. Nb3 Bb6 14. Qe2 Bh7 15. Rfd1 a6 16. c4 dxc4 17. Qxc4 Qxb2 18. Nbd4 Rdc8 19. Qa4 Qb4 20. Qxb4 Nxb4 21. Ne5 Rxc1 22. Rxc1 Nxa2 23. Ra1 Nb4 24. Bxb7 Ra7 25. Bf3 a5 26. Nb5 Re7 27. Kg2 f6 28. Nc4 Bd8 29. Nxa5 Bd3 30. Nd4 Ra7 31. Nab3 Rxa1 32. Nxa1 e5 33. Ne6 Be7 34. Nb3 Kf7 35. Nec5 Bc4 36. Nd2 Ba2 37. Nce4 f5 38. Nc3 e4 39. Be2 Be6 40. Bc4 Bf6 41. Bxe6+ Kxe6 42. Ne2 g5 43. Nb3 Nd3 44. Nbd4+ Ke5 45. Nc6+ Ke6 46. Ncd4+ Bxd4 47. Nxd4+ Ke5 48. Nc6+ Kf6 49. Nd4 Ke5 50. Nc6+ Kd5 51. Nd4 f4 52. gxf4 gxf4 53. Nf5 Ne1+ 54. Kf1 Nf3 55. Nxh6 fxe3 56. fxe3 Nxh2+ 1/2-1/2

[Event "EIBCC 2019"]
[Site "Tallinn"]
[Date "2019.12.07"]
[Round "10.20"]
[White "Kanep, Meelis"]
[Black "Schneider, Ilja"]
[Result "0-1"]
[WhiteElo "2280"]
[BlackElo "2483"]
[Annotator "ChessBase"]
[PlyCount "143"]
[EventDate "2019.12.06"]
[EventType "swiss"]
[EventCountry "EST"]
[SourceTitle "playchess.com"]
[Source "ChessBase"]
[SourceQuality "1"]

1. d4 d5 2. c4 c6 3. Nf3 Nf6 4. Nc3 a6 5. a4 e6 6. Bf4 dxc4 7. e4 Bb4 8. Bxc4 Nxe4 9. O-O Nf6 10. Qe2 O-O 11. Rad1 Nbd7 12. Ne5 Nd5 13. Bd2 Nxe5 14. dxe5 Qe7 15. Ne4 b5 16. Ba2 c5 17. Bb1 Bb7 18. Bg5 f6 19. exf6 Nxf6 20. Nxf6+ gxf6 21. Bh6 Rfd8 22. axb5 axb5 23. Qh5 Kh8 24. Qh4 Rxd1 25. Rxd1 Rg8 26. g3 Bd5 27. Be3 Rf8 28. Be4 Rd8 29. Bxd5 exd5 30. Bf4 d4 31. Qh5 d3 32. h4 d2 33. Kh2 Kg8 34. Qg4+ Kh8 35. Qh5 Qe8 36. Qf5 Qf7 37. Bg5 Kg7 38. Bf4 Rd5 39. Qe4 Qd7 40. Qe2 c4 41. Qe4 Bc5 42. Qf3 b4 43. Qe4 c3 44. bxc3 bxc3 45. Qc2 Bd4 46. Qb3 Be5 47. Be3 h5 48. Qc2 Bd4 49. Bxd2 cxd2 50. Qxd2 Rd6 51. Qe2 Qf7 52. Qe4 Be5 53. Rxd6 Bxd6 54. Qf5 Be5 55. Kg1 Qg6 56. Qd7+ Qf7 57. Qf5 Bd4 58. Kg2 Qb7+ 59. Kh2 Qb2 60. Kg2 Qb7+ 61. Kh2 Qf7 62. Kg2 Be5 63. Kh2 Kh6 64. Kg2 Qg6 65. Qc8 Qe4+ 66. Kh2 Qd4 67. Qh8+ Kg6 68. Qg8+ Kf5 69. Qh7+ Kg4 70. Qg6+ Kf3 71. Qxh5+ Kxf2 72. Qf5+ 0-1

[Event "EIBCC 2019"]
[Site "Tallinn"]
[Date "2019.12.07"]
[Round "10.21"]
[White "Stupak, Kirill"]
[Black "Luukkonen, Tommi"]
[Result "1-0"]
[WhiteElo "2459"]
[BlackElo "2269"]
[Annotator "ChessBase"]
[PlyCount "128"]
[EventDate "2019.12.06"]
[EventType "swiss"]
[EventCountry "EST"]
[SourceTitle "playchess.com"]
[Source "ChessBase"]
[SourceQuality "1"]

1. d4 Nf6 2. g3 c5 3. d5 g6 4. c4 Bg7 5. Nc3 O-O 6. Bg2 d6 7. Nf3 e6 8. O-O exd5 9. cxd5 a6 10. a4 Nbd7 11. Nd2 Re8 12. h3 Ne5 13. f4 Ned7 14. e4 b6 15. Nc4 Qc7 16. e5 dxe5 17. fxe5 Nxe5 18. d6 Qb8 19. Nxe5 Rxe5 20. Bf4 Nd7 21. Bxe5 Nxe5 22. Nd5 Bb7 23. Nc7 Bxg2 24. Kxg2 Qb7+ 25. Qd5 Qxd5+ 26. Nxd5 Rd8 27. Rad1 Nc4 28. d7 Kf8 29. b3 Nb2 30. Rd2 Rxd7 31. Rff2 c4 32. Nxb6 Rxd2 33. Rxd2 c3 34. Rd8+ Ke7 35. Rc8 Nd1 36. Kf3 Bd4 37. Nd5+ Kd6 38. Ke4 Bc5 39. b4 Nf2+ 40. Kf3 Bd4 41. Nxc3 Nxh3 42. Ne4+ Kd5 43. b5 axb5 44. axb5 f5 45. Nc3+ Kd6 46. Ne2 Ng5+ 47. Kg2 Be3 48. Nf4 Ne4 49. Kf3 Bc5 50. Rc6+ Kd7 51. Ne6 Bg1 52. Nf8+ Ke7 53. Nxh7 g5 54. g4 Nd6 55. b6 fxg4+ 56. Kxg4 Kd7 57. Rc7+ Kd8 58. Nf6 Nb5 59. Rc6 Ke7 60. b7 Ba7 61. Nd5+ Kd7 62. Rc8 Kd6 63. Nf6 Ke6 64. Nh7 Nd6 1-0

[Event "EIBCC 2019"]
[Site "Tallinn"]
[Date "2019.12.07"]
[Round "10.22"]
[White "Shapiro, Viktor"]
[Black "Mohr, Georg"]
[Result "1-0"]
[WhiteElo "2267"]
[BlackElo "2458"]
[Annotator "ChessBase"]
[PlyCount "119"]
[EventDate "2019.12.06"]
[EventType "swiss"]
[EventCountry "EST"]
[SourceTitle "playchess.com"]
[Source "ChessBase"]
[SourceQuality "1"]

1. Nf3 g6 2. d4 Bg7 3. c4 d6 4. Nc3 c5 5. Bg5 cxd4 6. Nxd4 Nf6 7. e3 O-O 8. Be2 Nc6 9. O-O Bd7 10. Rc1 Rc8 11. h3 a6 12. b3 Qa5 13. Bh4 Nxd4 14. exd4 b5 15. a4 bxc4 16. bxc4 Rfe8 17. Re1 Be6 18. Qb3 Rb8 19. Qa2 Rec8 20. d5 Bd7 21. Bd3 Re8 22. Bg5 Qb4 23. Bd2 Qb2 24. Rc2 Qxa2 25. Rxa2 Kf8 26. c5 dxc5 27. Bxa6 e6 28. dxe6 Bxe6 29. Ra3 Nd5 30. Bb5 Red8 31. Nxd5 Bxd5 32. Bc3 Rdc8 33. Be5 Bxe5 34. Rxe5 Be6 35. Rc3 c4 36. Re4 Rc7 37. Rd4 Ke7 38. f3 Rc5 39. Kf2 h5 40. Ke3 Re5+ 41. Re4 Rxe4+ 42. Kxe4 Rc8 43. Kd4 Rd8+ 44. Kc5 Rc8+ 45. Kb4 Rb8 46. g4 hxg4 47. fxg4 g5 48. Re3 Kd6 49. Re1 Kc7 50. Kc5 Kb7 51. Re3 Rd8 52. a5 Ka7 53. Kb4 Rb8 54. Re5 Rh8 55. Bxc4 Rb8+ 56. Rb5 Rxb5+ 57. Kxb5 Bd7+ 58. Kc5 Bc8 59. Kd6 Bb7 60. Bf1 1-0

[Event "EIBCC 2019"]
[Site "Tallinn"]
[Date "2019.12.07"]
[Round "10.23"]
[White "Rocha, Sergio"]
[Black "Frischmann, Rick"]
[Result "1-0"]
[WhiteElo "2249"]
[BlackElo "2450"]
[Annotator "ChessBase"]
[PlyCount "125"]
[EventDate "2019.12.06"]
[EventType "swiss"]
[EventCountry "EST"]
[SourceTitle "playchess.com"]
[Source "ChessBase"]
[SourceQuality "1"]

1. e4 c5 2. Nf3 e6 3. c3 d5 4. Bd3 Nc6 5. O-O Nf6 6. e5 Nd7 7. Re1 g5 8. Bb5 g4 9. d3 gxf3 10. Qxf3 Bg7 11. Qh5 Qc7 12. Nd2 a6 13. Ba4 b5 14. Bc2 Bb7 15. Nf3 d4 16. Bf4 Nf8 17. Bb3 Ng6 18. Bg3 dxc3 19. bxc3 O-O-O 20. a4 b4 21. cxb4 Nxb4 22. Ng5 Nxd3 23. Re3 c4 24. Bc2 Bxe5 25. Bxd3 Rxd3 26. Rxe5 Nxe5 27. Nxf7 Qc6 28. f3 Nxf7 29. Qxf7 Rhd8 30. h4 Rd1+ 31. Rxd1 Rxd1+ 32. Kh2 Rd8 33. Qf4 Kd7 34. Qf7+ Kc8 35. Qf4 Rd7 36. Qf8+ Rd8 37. Qf4 e5 38. Qxe5 Rd5 39. Qh8+ Kd7 40. Qxh7+ Kd8 41. Qh8+ Qe8 42. Qf6+ Kd7 43. Qb6 Qc8 44. Qf6 c3 45. Qg7+ Kd8 46. Qh8+ Kd7 47. Qg7+ Ke8 48. Qg8+ Ke7 49. Qg7+ Ke8 50. Qg8+ Kd7 51. Qg7+ Kc6 52. Qxc3+ Rc5 53. Qf6+ Kd5 54. Qf7+ Qe6 55. Qxb7+ Kc4 56. Qb2 Rd5 57. a5 Qe3 58. Qc2+ Kb5 59. Qa2 Rd2 60. Qb1+ Kxa5 61. Be1 Qe5+ 62. Kh1 Qd4 63. Qc1 1-0

[Event "EIBCC 2019"]
[Site "Tallinn"]
[Date "2019.12.07"]
[Round "10.25"]
[White "Chibukhchyan, Erik"]
[Black "Nguyen, Thai Dai Van"]
[Result "1/2-1/2"]
[WhiteElo "2230"]
[BlackElo "2419"]
[Annotator "NA"]
[PlyCount "137"]
[EventDate "2019.12.06"]
[EventType "swiss"]
[EventCountry "EST"]
[SourceTitle "playchess.com"]
[Source "ChessBase"]
[SourceQuality "1"]

1. e4 c5 2. Nf3 Nc6 3. d4 cxd4 4. Nxd4 e5 5. Nb5 d6 6. c4 Be7 7. b3 a6 8. N5c3 Be6 9. Bd3 Bg5 10. Bb2 Nge7 11. O-O O-O 12. Na3 f5 13. exf5 Nxf5 14. Be4 Nfd4 15. Nc2 Qd7 16. Nxd4 Nxd4 17. Nd5 Bxd5 18. Bxd5+ Kh8 19. Bxd4 exd4 20. Qd3 Rae8 21. Rae1 Bf6 22. g3 b6 23. Kg2 a5 24. h4 Rxe1 25. Rxe1 Re8 26. Rxe8+ Qxe8 27. Qf5 Be5 28. Be4 g6 29. Qg4 Bf6 30. Qf3 Kg7 31. Bd3 Qd7 32. Qd5 Be5 33. Be4 Bf6 34. h5 Be5 35. hxg6 hxg6 36. Bd3 Bf6 37. Qe4 Qf7 38. Qc6 Bd8 39. Qxd6 Qf6 40. Qd7+ Kh6 41. Qh3+ Kg7 42. Qd7+ Kh6 43. Qd5 Kg7 44. Be4 Be7 45. Bd3 Bb4 46. Qe4 Bd6 47. f4 Kh6 48. Kf3 Kg7 49. Qc6 Bc5 50. Qxf6+ Kxf6 51. Ke4 Ke6 52. g4 Kd6 53. Kf3 g5 54. fxg5 Ke5 55. g6 Bf8 56. Bf5 Bg7 57. Bd3 Bf8 58. g5 Bg7 59. a3 Bf8 60. b4 axb4 61. axb4 Bg7 62. Kg4 Bf8 63. c5 bxc5 64. bxc5 Bg7 65. c6 Kd6 66. Bb5 d3 67. Bxd3 Kxc6 68. Kf5 Kd7 69. Ke4 1/2-1/2

[Event "EIBCC 2019"]
[Site "Tallinn"]
[Date "2019.12.07"]
[Round "10.26"]
[White "Firstov, Juri"]
[Black "Aleksandrov, Aleksej"]
[Result "0-1"]
[WhiteElo "2228"]
[BlackElo "2416"]
[Annotator "NA"]
[PlyCount "124"]
[EventDate "2019.12.06"]
[EventType "swiss"]
[EventCountry "EST"]
[SourceTitle "playchess.com"]
[Source "ChessBase"]
[SourceQuality "1"]

1. b3 Nf6 2. Bb2 g6 3. Bxf6 exf6 4. c4 d6 5. Nc3 f5 6. g3 Nd7 7. Bg2 c6 8. e3 Nf6 9. Nge2 a5 10. a3 h5 11. h4 Qe7 12. Qc2 Bd7 13. Rb1 Bg7 14. b4 axb4 15. axb4 Ng4 16. b5 O-O 17. O-O g5 18. hxg5 Qxg5 19. f3 Nf6 20. Kf2 Ra3 21. Ra1 Rfa8 22. Rxa3 Rxa3 23. bxc6 bxc6 24. Qb2 Ra8 25. Ra1 Re8 26. Rh1 Be6 27. Qb4 Bf8 28. Nf4 Be7 29. Qa4 Bd7 30. Nce2 Kg7 31. Qa7 Rh8 32. Nd4 h4 33. Rxh4 Rxh4 34. gxh4 Qxh4+ 35. Kf1 Qh8 36. Qc7 Qa8 37. Qb6 Qa1+ 38. Ke2 c5 39. Nb5 Qb2 40. Nd3 Qb3 41. Qc7 Qxc4 42. Nxd6 Qa6 43. Nb7 Bb5 44. Qxe7 Bxd3+ 45. Kf2 Qa2 46. Nd6 Qxd2+ 47. Kg3 Qa2 48. Ne8+ Nxe8 49. Qxe8 Qa7 50. Qe5+ Kg8 51. Bh3 c4 52. Bxf5 Bxf5 53. Qxf5 Qc7+ 54. f4 c3 55. Qc2 Qc4 56. Kf2 Kg7 57. e4 Kf6 58. Ke3 Ke7 59. Qd3 Qc5+ 60. Kf3 c2 61. Qb3 c1=Q 62. Qb7+ Qc7 0-1